000 00578nmm a2200181Ia 4500
008 251105s9999||||xx |||||||||||||||||und||
041 _aspa
100 _aLombana Coy, Jahir
245 0 _aCompetitividad y contexto internacional de los negocios :
_b Teoría y aplicación
264 _a[Bogotá, Colombia] :
_bUniversidad del Norte,
_c2019
300 _a189 páginas
490 _aTextos guía
650 _aEconomics and Business
700 _aLombana Coy, Jahir
700 1 _a Palacios, Lorena
856 _uhttps://public.digitaliapublishing.com/a/68544
942 _cCF
999 _c67948
_d67948